00608pab a2200169 454500008004000000100001800040245010000058260000900158300001300167362002400180650003100204650002300235773004700258909001000305999001700315952010600332180718b2005 xxu||||| |||| 00| 0 eng d aChennappa, D. aEmerging scenario and future convergence of telecommunication sector in India: some reflections c2005 ap.60-76. aJan-Mar and Apr-Jun aTelecommunications - India aTelecommunications aJournal of Institute of Public Enterprises a66853 c66853d66853 00104070aIIPAbIIPAd2018-07-19hVolume no: 28, Issue no: 1-2pAR67309r2018-07-19w2018-07-19yAR